<?xml version="1.0" encoding="UTF-8"?>
<record
    xmlns:xsi="http://www.w3.org/2001/XMLSchema-instance"
    xsi:schemaLocation="http://www.loc.gov/MARC21/slim http://www.loc.gov/standards/marcxml/schema/MARC21slim.xsd"
    xmlns="http://www.loc.gov/MARC21/slim">

  <leader>01589cam a22002771  4500</leader>
  <controlfield tag="001">e  37000129 </controlfield>
  <controlfield tag="003">DLC</controlfield>
  <controlfield tag="005">20260227111226.0</controlfield>
  <controlfield tag="008">780612s1936    dcuaf    b   f000 0 eng c</controlfield>
  <datafield tag="010" ind1=" " ind2=" ">
    <subfield code="a">e  37000129 </subfield>
  </datafield>
  <datafield tag="035" ind1=" " ind2=" ">
    <subfield code="a">(OCoLC)3966628</subfield>
  </datafield>
  <datafield tag="040" ind1=" " ind2=" ">
    <subfield code="a">U.S. Office of Education. Library</subfield>
    <subfield code="c">NBuC</subfield>
    <subfield code="d">NBuC</subfield>
    <subfield code="d">OCoLC</subfield>
    <subfield code="d">DLC</subfield>
  </datafield>
  <datafield tag="050" ind1="0" ind2="0">
    <subfield code="a">L111</subfield>
    <subfield code="b">.A6 1936, no. 11</subfield>
  </datafield>
  <datafield tag="051" ind1=" " ind2=" ">
    <subfield code="a">LC4661</subfield>
    <subfield code="b">.M32</subfield>
  </datafield>
  <datafield tag="082" ind1=" " ind2=" ">
    <subfield code="a">371.92</subfield>
  </datafield>
  <datafield tag="100" ind1="1" ind2=" ">
    <subfield code="a">Martens, Elise H.</subfield>
    <subfield code="q">(Elise Henrietta),</subfield>
    <subfield code="d">1887-</subfield>
    <subfield code="e">comp.</subfield>
  </datafield>
  <datafield tag="245" ind1="1" ind2="2">
    <subfield code="a">A guide to curriculum adjustment for mentally retarded children,</subfield>
    <subfield code="c">by Florence N. Beaman, Charles Scott Berry, May E. Bryne [and others] ... Compiled and edited by Elise H. Martens, senior specialist in the education of exceptional children, Office of education. United States Department of the interior, Harold L. Ickes, secretary. Office of education, J. W. Studebaker, commissioner.</subfield>
  </datafield>
  <datafield tag="260" ind1=" " ind2=" ">
    <subfield code="a">Washington,</subfield>
    <subfield code="b">U.S. Govt. Print. Off.,</subfield>
    <subfield code="c">1936.</subfield>
  </datafield>
  <datafield tag="300" ind1=" " ind2=" ">
    <subfield code="a">vi, 133 p.</subfield>
    <subfield code="b">fold. front., plates, fold. table.</subfield>
    <subfield code="c">23 cm.</subfield>
  </datafield>
  <datafield tag="410" ind1="1" ind2="0">
    <subfield code="a">United States.</subfield>
    <subfield code="b">Office of Education.</subfield>
    <subfield code="t">Bulletin 1936,</subfield>
    <subfield code="v">no. 11</subfield>
  </datafield>
  <datafield tag="501" ind1=" " ind2=" ">
    <subfield code="a">Copy 2 of L111.A6 with: Testing practices of high-school teachers / J. Murray Lee. Washington : U.S. Govt. Print. Off., 1936. Bound together subsequent to publication.</subfield>
    <subfield code="5">DLC</subfield>
  </datafield>
  <datafield tag="504" ind1=" " ind2=" ">
    <subfield code="a">"This handbook is a cooperative project, the outcome of a conference called by the United States Office of Education."--Introd., p.1.</subfield>
  </datafield>
  <datafield tag="650" ind1=" " ind2="0">
    <subfield code="a">Children with mental disabilities</subfield>
    <subfield code="x">Education.</subfield>
  </datafield>
  <datafield tag="650" ind1=" " ind2="0">
    <subfield code="a">Education</subfield>
    <subfield code="x">Curricula.</subfield>
  </datafield>
  <datafield tag="740" ind1="0" ind2=" ">
    <subfield code="a">Curriculum adjustment for mentally retarded children.</subfield>
  </datafield>
  <datafield tag="999" ind1=" " ind2=" ">
    <subfield code="c">21524</subfield>
    <subfield code="d">21524</subfield>
  </datafield>
</record>
